Pictures of Sweden (Record no. 241568)
[ view plain ]
| 000 -LEADER | |
|---|---|
| fixed length control field | 01204cam a22002653a 4500 |
| 001 - CONTROL NUMBER | |
| control field | 12313 |
| 003 - CONTROL NUMBER IDENTIFIER | |
| control field | PGUSA |
| 005 - DATE AND TIME OF LATEST TRANSACTION | |
| control field | 20140828083247.0 |
| 008 - FIXED-LENGTH DATA ELEMENTS--GENERAL INFORMATION | |
| fixed length control field | 040501s2004||||xxu|||||s|||||000 p eng d |
| 040 ## - CATALOGING SOURCE | |
| Original cataloging agency | PGUSA |
| Language of cataloging | eng |
| 042 ## - AUTHENTICATION CODE | |
| Authentication code | dc |
| 050 #4 - LIBRARY OF CONGRESS CALL NUMBER | |
| Classification number | PT |
| 100 1# - MAIN ENTRY--PERSONAL NAME | |
| Personal name | Andersen, H. C. |
| Fuller form of name | (Hans Christian), |
| Dates associated with a name | 1805-1875 |
| 245 10 - TITLE STATEMENT | |
| Title | Pictures of Sweden |
| Medium | [electronic resource] / |
| Statement of responsibility, etc | H. C. Andersen |
| 260 ## - PUBLICATION, DISTRIBUTION, ETC. (IMPRINT) | |
| Name of publisher, distributor, etc | Project Gutenberg, |
| Date of publication, distribution, etc | 2004 |
| 505 0# - FORMATTED CONTENTS NOTE | |
| Formatted contents note | Introduction -- Trollhätta -- The Bird Phoenix -- Kinnakulla -- Grandmother -- The Prison-cells -- Beggar-boys -- Vadstene -- The Puppet-showman -- The "Skjärgaards" -- Stockholm -- Diurgaerden -- A Story -- Upsala -- Sala -- The Mute Book -- The Zäther Dale -- The Midsummer Festival in Lacksand -- Faith and Knowledge -- In the Forest -- Fahlun -- What the Straws Said -- The Poet's Symbol -- The Dal-elv -- Danemora -- The Swine -- Poetry's California. |
| 506 ## - RESTRICTIONS ON ACCESS NOTE | |
| Terms governing access | Public domain in the USA. |
| 516 ## - TYPE OF COMPUTER FILE OR DATA NOTE | |
| Type of computer file or data note | Electronic text |
| 653 ## - INDEX TERM--UNCONTROLLED | |
| Uncontrolled term | Fairy tales -- Sweden |
| 653 ## - INDEX TERM--UNCONTROLLED | |
| Uncontrolled term | Sweden -- Description and travel |
| 740 0# - ADDED ENTRY--UNCONTROLLED RELATED/ANALYTICAL TITLE | |
| Uncontrolled related/analytical title | I Sverrig. English |
| 830 #0 - SERIES ADDED ENTRY--UNIFORM TITLE | |
| Uniform title | Project Gutenberg |
| Volume number/sequential designation | 12313 |
| 856 40 - ELECTRONIC LOCATION AND ACCESS | |
| Uniform Resource Identifier | <a href="http://www.gutenberg.org/ebooks/12313">http://www.gutenberg.org/ebooks/12313</a> |
| 942 ## - ADDED ENTRY ELEMENTS (KOHA) | |
| Koha item type | eBooks |
| Withdrawn status | Lost status | Damaged status | Home library | Current library | Date acquired | Total Checkouts | Date last seen | Price effective from | Koha item type |
|---|---|---|---|---|---|---|---|---|---|
| Project Gutenberg | Project Gutenberg | 08/28/2014 | 08/28/2014 | 08/28/2014 | eBooks |